000 00540nam a2200193Ia 4500
005 20250326143302.0
008 250326s9999 xx 000 0 und d
020 _a0-340-76397-3
037 _aTextbook
040 _aFMSL
_beng
_cFMSL
041 _aeng
_2eng
084 _aX:51obB28:f P4
_qFMSL
100 _aCharkrapani C
_9747763
245 0 _aStatistics in market research
_cCharkrapani C
260 _aLondon
_bLondon, Arnold
_c2004
300 _a221p
942 _cTB
_hX:51obB28:f P4
999 _c1298912
_d1298912